000 00599nam a22001817a 4500
005 20251108164200.0
008 250721s9999 xx 000 0 ara d
082 1 4 _a347/سعو
100 1 _aأبو السعود، رمضان
245 1 0 _aالوسيط في شرح مقدمة القانون المدني :
_bالمدخل إلى القانون و بخاصة المصري و اللبناني /
264 1 _aبيروت :
_bالدار الجامعية،
300 _aج
650 1 7 _aالقانون المدني
650 1 7 _aمصر
650 1 7 _aلبنان
942 _2ddc
_cBK
999 _c5714
_d5714